000 01098nam a2200277Ia 4500
001 ebr10636374
003 CaPaEBR
006 m u
007 cr cn|||||||||
008 121019s2012 enka sb 001 0 eng d
020 _z9781908316356
020 _z9781908316363
040 _aCaPaEBR
_cCaPaEBR
035 _a(OCoLC)826660165
050 1 4 _aRJ486
_b.P75 2012eb
245 0 0 _aPrinciples and practice of child neurology in infancy
_h[electronic resource] /
_cedited by Colin Kennedy.
260 _aLondon :
_bMac Keith Press,
_c2012.
300 _axvi, 362 p. :
_bill.
504 _aIncludes bibliographic references and index.
533 _aElectronic reproduction.
_bPalo Alto, Calif. :
_cebrary,
_d2013.
_nAvailable via World Wide Web.
_nAccess may be limited to ebrary affiliated libraries.
650 0 _aPediatric neurology.
650 0 _aChildren
_xDiseases
_xTreatment.
655 7 _aElectronic books.
_2local
700 1 _aKennedy, Colin.
856 4 0 _uhttp://site.ebrary.com/lib/rucke/Doc?id=10636374
_zAn electronic book accessible through the World Wide Web; click to view
999 _c46920
_d46920